CLASE, ESTADO Y PODER EN EL TERCER MUNDO: CASOS DE CONFLICTOS DE CLASES EN AMERICA LATINA/

TRADUCCION DE: CLASS. STATE AND POWER IN THE THIRD WORLD. WHIT CASE ESTUDIES ON CLASS CONFLICT IN LATIN AMERICA

Gespeichert in:
Bibliographische Detailangaben
1. Verfasser: Petras, James (autor)
Format: Buch
Schlagworte:
Tags: Tag hinzufügen

MARC

LEADER 00000nam^a2200000^a^4500
001 000224218
005 20250521000000.0
009 20260310104041.291
020 |a 968-16-2253-7 
035 |a 042888 
037 |a Acervo Xavier Clavigero 
082 |a 305. 5098  |b PET 
100 |a Petras, James  |e (autor) 
245 1 0 |a CLASE, ESTADO Y PODER EN EL TERCER MUNDO:  |b CASOS DE CONFLICTOS DE CLASES EN AMERICA LATINA/  |c JAMES F. PETRAS; TR. EDUARDO L. SUAREZ 
264 |a MEXICO :  |b FONDO DE CULTURA ECONOMICA,  |c 1986 
300 |a 313p. :  |b tbs. 
336 |a texto  |b txt  |2 rdacontenido 
337 |a sin mediación  |b n  |2 rdamedio 
338 |a volumen  |b nc  |2 rdasoporte 
520 |a TRADUCCION DE: CLASS. STATE AND POWER IN THE THIRD WORLD. WHIT CASE ESTUDIES ON CLASS CONFLICT IN LATIN AMERICA 
649 |a XX 
650 |a Clases Sociales -  |z Iberoamérica 
650 |a Igualdad y Desigualdad 
910 |a Fondo General 
920 |a Impresos - Libros 
930 |a Colección General 
905 |a 101 
901 |a 042888  |b IT1  |c ACC  |i 042888  |u 20250521 
902 |a https://opac.biblio.iteso.mx/vufind/Record/000224218